书目信息 |
| 题名: |
中小学课程和教学
|
|
| 作者: | ;人民教育出版社《外国教育丛书》编辑组 编 | |
| 分册: | ||
| 出版信息: | 北京 人民教育出版社 1980.04 |
|
| 页数: | 218页 | |
| 开本: | 19cm | |
| 丛书名: | 外国教育丛书 | |
| 单 册: | ||
| 中图分类: | G512 | |
| 科图分类: | ||
| 主题词: | 教育事业--世界 | |
| 电子资源: | ||
| ISBN: | ||
| 000 | 00714nam0 2200217 45 | |
| 001 | 0310231554 | |
| 005 | 20060808164533.18 | |
| 010 | @dCNY0.52 | |
| 091 | @a7012.097 | |
| 100 | @a20031023d1980 km y0chiy0120 ea | |
| 101 | 0 | @achi |
| 200 | 1 | @a中小学课程和教学@AZhong Xiao Xue Ke Cheng He Jiao Xue@f人民教育出版社《外国教育丛书》编辑组编@FRen Min Jiao Yu Chu Ban She《Wai Guo Jiao Yu Cong Shu》Bian Ji Zu Bian |
| 210 | @a北京@c人民教育出版社@d1980.04 | |
| 215 | @a218页@d19cm | |
| 225 | @a外国教育丛书 | |
| 410 | @12001 @a外国教育丛书 | |
| 606 | 0 | @a教育事业@x世界 |
| 690 | @aG512@v3 | |
| 711 | 02 | @a人民教育出版社《外国教育丛书》编辑组@4编 |
| 801 | @aCN@bTSTC@c20060808 | |
| 905 | @dG512@e45@f1@b35781@b35771@f1 | |
| 中小学课程和教学/人民教育出版社《外国教育丛书》编辑组编.-北京:人民教育出版社,1980.04 |
| 218页;19cm.-(外国教育丛书) |
| ISBN :CNY0.52 |
| ● |
| 相关链接 |
|
|
|
|
正题名:中小学课程和教学
索取号:G512/45
 
预约/预借
| 序号 | 登录号 | 条形码 | 馆藏地/架位号 | 状态 | 备注 |
| 1 | 0035767 | 000780284 | 密集书库/ [索取号:G512/45] | 在馆 | |
| 2 | 0035768 | 000780300 | 密集书库/ [索取号:G512/45] | 在馆 | |
| 3 | 0035769 | 000780346 | 密集书库/ [索取号:G512/45] | 在馆 | |
| 4 | 0035770 | 202158734 | 密集书库/ [索取号:G512/45] | 在馆 | |
| 5 | 0035771 | 001871022 | 密集书库/ [索取号:G512/45] | 在馆 | |
| 6 | 0035772 | 001719723 | 密集书库/ [索取号:G512/45] | 在馆 | |
| 7 | 0035773 | 202158725 | 密集书库/ [索取号:G512/45] | 在馆 | |
| 8 | 0035774 | 202159001 | 密集书库/ [索取号:G512/45] | 在馆 | |
| 9 | 0035775 | 202158789 | 密集书库/ [索取号:G512/45] | 在馆 | |
| 10 | 0035776 | 000780293 | 密集书库/ [索取号:G512/45] | 在馆 | |
| 11 | 0035777 | 202173110 | 密集书库/ [索取号:G512/45] | 在馆 | |
| 12 | 0035778 | 000780364 | 密集书库/ [索取号:G512/45] | 在馆 | |
| 13 | 0035780 | 000780355 | 密集书库/ [索取号:G512/45] | 在馆 | |
| 14 | 0035781 | 001871068 | 密集书库/ [索取号:G512/45] | 在馆 | |
| 15 | 0447075 | 204470759 | 密集书库/ [索取号:G512/45] | 在馆 |